000
00290nam a22001217a 4500
008
171127b xxu||||| |||| 00| 0 eng d
041
_a
eng
080
_a
2
100
_a
24
101
_a
TEO
245
_a
CHRISTIANITY AND THE VISUAL ARTS: KENTUCKY COLLECTIONS
_c
HAMMER,V
942
_2
udc
_c
BK
999
_c
38574
_d
38574